Southville International School and Colleges
Your cart is empty.
  • Cart
  • Lists
    Public lists Eva Luna New books Lux_list list_1
    Your lists Log in to create your own lists
  • Log in to your account
  • Your cookies
  • Search history
Southville International School and Colleges
  • Advanced search
  • Recent comments
  • Most popular
  • Libraries

Log in to your account

Log in with GOOGLE


If you do not have an external account, but do have a local account, you can still log in:

  1. Home
  2. MARC view: The pictorial encyclopedia /
Normal view MARC view ISBD view

The pictorial encyclopedia / (Record no. 305536)

[ view plain ]
MARC details
000 -LEADER
fixed length control field 00405nam a2200169Ia 4500
008 - FIXED-LENGTH DATA ELEMENTS--GENERAL INFORMATION
fixed length control field 170203s9999 xx 000 0 und d
020 ## - INTERNATIONAL STANDARD BOOK NUMBER
International Standard Book Number 9780710508119
050 ## - LIBRARY OF CONGRESS CALL NUMBER
Classification number 30
050 ## - LIBRARY OF CONGRESS CALL NUMBER
Item number .T374
245 #4 - TITLE STATEMENT
Title The pictorial encyclopedia /
260 ## - PUBLICATION, DISTRIBUTION, ETC. (IMPRINT)
Place of publication, distribution, etc England :
260 ## - PUBLICATION, DISTRIBUTION, ETC. (IMPRINT)
Name of publisher, distributor, etc Peter Haddock Limited,
300 ## - PHYSICAL DESCRIPTION
Extent 92 pages :
300 ## - PHYSICAL DESCRIPTION
Other physical details illustrations ;
650 ## - SUBJECT ADDED ENTRY--TOPICAL TERM
Topical term or geographic name as entry element Encyclopedias.
650 ## - SUBJECT ADDED ENTRY--TOPICAL TERM
General subdivision Facts.
Holdings
Withdrawn status Lost status Damaged status Home library Current library Shelving location Date acquired Total Checkouts Full call number Barcode Date last seen Price effective from Koha item type
      Stonyhurst Southville International School (Batangas) Stonyhurst Southville International School (Batangas)   02/03/2017   030 .T374 LS-1178 02/03/2017 02/03/2017 Books

The pictorial encyclopedia /

APA

The pictorial encyclopedia. England: .

Chicago

The pictorial encyclopedia. England: .

Harvard

The pictorial encyclopedia. England: .

MLA

England: . .

  • Place hold
  • Print
  • Cite
  • Add to your cart (remove)
  • Save record
    BIBTEX Dublin Core MARCXML MARC (non-Unicode/MARC-8) MARC (Unicode/UTF-8) MARC (Unicode/UTF-8, Standard) MODS (XML) RIS
  • More searches
    Search for this title in:
    Other Libraries (WorldCat) Other Databases (Google Scholar) Online Stores (Bookfinder.com) Open Library (openlibrary.org)

Exporting to Dublin Core...

SOUTHVILLE LIBRARY

Southville International School and Colleges Library

1281 Tropical Ave. Cor. Luxembourg St., BF Homes International, Las Pinas City

Tel. No. 8256374 / 252358 Loc. 117/146

Powered by Koha